| 000 | 00513nam a22002057a 4500 | ||
|---|---|---|---|
| 003 | OSt | ||
| 005 | 20240529171343.0 | ||
| 008 | 160427b xxu||||| |||| 00| 0 eng d | ||
| 020 | _a0070856435 | ||
| 040 | _c040a | ||
| 082 | _a531 SCH 1968 | ||
| 100 |
_aSchiff, Leonard I _98384 |
||
| 245 | _aQuantum Mechanics | ||
| 250 | _a3rd.ed | ||
| 260 |
_aAuckland; _bMcGraw-Hill, _c1968 |
||
| 300 |
_axviii, 544p; _bill : _c12 cm |
||
| 504 | _aIncludes index | ||
| 650 |
_aQuantum mechanics _94185 |
||
| 942 |
_2ddc _cSLOAN |
||
| 999 |
_c3817 _d3817 |
||